Dark Souls I Lore Trivia - Statistics

General Stats
  • This quiz has been taken 5,683 times
    5,457 since last reset
  • The average score is 13 of 25
Answer Stats
Question Answer % Correct
1. What is used for currency in Dark Souls? Souls
99%
3. What is the name of the land in which the game takes place? Lordran
81%
2. What's the name of the mark which brands those with the undead curse? Darksign
76%
4. Before there was disparity, what colour/color was everything? Grey/Gray
75%
9. Who is (at the time of the game) called the 'Lord of Cinder'? Gwyn, The Lord of Sunlight
74%
12. Who famously betrayed his own kind? Seath the Scaleless
68%
11. Who is known for being 'the first of the dead'? Gravelord Nito
65%
6. And what era succeeded it? Age of Fire
59%
15. What's the name of the knights that were charred by demons? Black Knights
59%
21. Who was once a Bishop, and wields a Dragon Tooth? Havel
59%
16. What's the name of the knights who stayed in the Palace at Anor Londo? Silver Knights
59%
14. What's the name of Gwyn's daughter? Gwynevere
58%
13. Who is the necromancer supposedly fused with his family? Pinwheel
56%
7. At the time of the first game, what era is the world descending into? Age of Dark
55%
10. Who tried (and failed) to recreate the First Flame? Witch of Izalith
52%
20. In the expansion, what's the name of the town corrupted by the Abyss? Oolacile Township
49%
19. Who found the 4th Lord Soul, known as the 'Dark Soul'? Furtive Pygmy
48%
18. Who is popularly believed to be a son of Gwyn? Solaire
48%
17. Who is the creator of the place known as the 'Painted World'? Ariamis
44%
24. Judging from his armour/armor, where does the man who helped you escape the Asylum come from? Astora
43%
25. Who is known as the 'Goddess of Sin'? Velka
39%
5. What was this era called? Age of Ancients
31%
22. What land is the merchant Domhnall from? Zena
26%
23. Who was Quelana's original apprentice/student? Salaman/Great Fireball
11%
8. What's the motto/proverb of the Way of White? Vereor Nox
8%
No matching quizzes found
Score Distribution
Percent of People with Each Score
Percentile by Number Answered
Your Score History
You have not taken this quiz since the last reset